Central Library OPAC University of Rajshahi
Normal view MARC view

Entry Personal Name

Number of records used in: 3

001 - CONTROL NUMBER

  • control field: 10726

003 - CONTROL NUMBER IDENTIFIER

  • control field: BD-RjUL

005 - DATE AND TIME OF LATEST TRANSACTION

  • control field: 20231227102006.0

008 - FIXED-LENGTH DATA ELEMENTS

  • fixed length control field: 231227|| aca||aabn | a|a d

040 ## - CATALOGING SOURCE

  • Original cataloging agency: BD-RjUL
  • Transcribing agency: BD-RjUL

100 ## - HEADING--PERSONAL NAME

  • Personal name: Thackeray, William Makepeace,
  • Dates associated with a name: 1811-1863

670 ## - SOURCE DATA FOUND

  • Source citation: Work cat.: (BD-RjUL)82550: Tillotson, Geoffrey, 1905-1969 10725, Thackeray the novelist, [1963, c1954]